000
00229 a2200097 4500
001
24999
100
_a
Lambe, C.G
245
_a
Applied maths for enggs & sciengtists
260
_a
_b
Eng University Press
_c
090
_c
16946
_d
16946
942
_a
NUST-CAE
_c
M
_c
7720
999
_c
260072
_d
260072